The Unis Cemetery at Saqqara
Αποθηκεύτηκε σε:
| Άλλοι συγγραφείς: | , , |
|---|---|
| Μορφή: | Βιβλίο |
| Γλώσσα: | English |
| Δημοσίευση: |
[Wiltshire, England] :
[Aris and Phillips],
[2000-2003]
|
| Σειρά: | Reports (Australian Centre for Egyptology)
; 15, 19 |
| Θέματα: | |
| Ετικέτες: |
Προσθήκη ετικέτας
Δεν υπάρχουν, Καταχωρήστε ετικέτα πρώτοι!
|
MARC
| LEADER | 00000nam a2200000 i 4500 | ||
|---|---|---|---|
| 001 | 1/69677 | ||
| 008 | 080109m20002003 eng d | ||
| 020 | |a 0-85668-818-5 (τ.1) | ||
| 020 | |a 0-85668-813-4 (τ.2) | ||
| 035 | |l 10093478 | ||
| 040 | |a GR-MY-UA |b gre |e aacr | ||
| 041 | 0 | |a eng | |
| 082 | 0 | |a 932.012 |2 (22) | |
| 245 | 1 | 4 | |a The Unis Cemetery at Saqqara / |c A. McFarlane ; N. Kanawati and M. Abder-Raziq |
| 260 | |a [Wiltshire, England] : |b [Aris and Phillips], |c [2000-2003] | ||
| 300 | |a 2 τ.; |b φωτ., σχέδια; |c 30 εκ. | ||
| 490 | 1 | |a The Australian Centre for Egyptology reports |v ; 15, 19 | |
| 504 | |a Περιλαμβάνει βιβλιογραφίες και ευρετήριο | ||
| 505 | 0 | |a Τ.1. The tomb of Irukaptah / A. McFarlane - τ.2. The tombs of Iynefert and Ihy (reused by Idut) / Naguib Kanawati and M. Abder-Raziq | |
| 650 | 0 | 0 | |a Excavations (Archaeology) |z Egypt |z Saqqarah. |
| 650 | 0 | 0 | |a Tombs |z Egypt |z Saqqarah. |
| 651 | 0 | |a Saqqarah (Egypt) |x Antiquities. | |
| 651 | 0 | |a Iynefert |x Tomb. | |
| 651 | 0 | |a Ihy |x Tomb. | |
| 651 | 0 | |a Idut |x Tomb. | |
| 700 | 1 | |a McFarlane, A. |q (Ann) | |
| 700 | 1 | |a Kanawati, Naguib. | |
| 700 | 1 | |a Abd El-Raziq, Mahmud. | |
| 700 | 1 | |a Shafik, S. |q (Sameh) |4 oth | |
| 740 | 0 | 2 | |a The tomb of Irukaptah |
| 740 | 0 | 2 | |a The tombs of Iynefert and Ihy (reused by Idut) |
| 830 | 0 | |a Reports (Australian Centre for Egyptology) |v ; 15, 19 | |
| 852 | |a INST |b RHODES |e 20080209 |h 932.012 UNI |p 005400029985 |q 005400029985 |t BK |y 0 |z τ.2 | ||
| 852 | |a INST |b RHODES |e 20080109 |h 932.012 UNI |p 005400030317 |q 005400030317 |t BK |y 0 |z τ.1 | ||
| 852 | |a INST |b RHODES |e 20080209 |h 932.012 UNI |p 005400029985 |q 005400029985 |t BK |v τ.2: |y 0 |z τ.2 | ||
| 852 | |a INST |b RHODES |e 20080109 |h 932.012 UNI |p 005400030317 |q 005400030317 |t BK |v τ.1: |y 0 |z τ.1 | ||
| 853 | |a INST |b RHODES |h 932.012 UNI | ||
| 901 | |a BIBL4-2008-1 | ||
| 909 | |a Ρ |b 142468 | ||
| 909 | |a Ρ |b 145345 | ||
| 922 | |a 4ΕΛΗ |b 200712 |c ΕΠΕΑΕΚ2/ΤΜΣ |d ΕΛΕΥΘΕΡΟΥΔΑΚΗΣ | ||
| 922 | |a 4ΕΛΗ |b 200801 |c ΕΠΕΑΕΚ2/ΤΜΣ |d ΠΑΠΑΣΩΤΗΡΙΟΥ | ||
| 970 | |a ΧΑΡΙΟΠΟΛΙΤΟΥ |b ΚΩΝΣΤΑΝΤΙΝΑ |z 2008/01/09 | ||